| 000 | 00582nam a22001937a 4500 | ||
|---|---|---|---|
| 005 | 20251108172133.0 | ||
| 008 | 250721s1978 xx 000 0 ara d | ||
| 082 | 1 | 4 | _a923.162/أنو |
| 100 | 1 |
_aالسادات، أنور _eرسام |
|
| 245 | 1 | 0 |
_aالبحث عن الذات : _bقصة حياتي / |
| 250 | _aط2 | ||
| 264 | 1 |
_aالقاهرة : _bالمكتب المصري الحديث للطباعة و النشر، _c1978. |
|
| 300 | _a361ص | ||
| 650 | 1 | 7 | _aروؤساء الدول |
| 650 | 1 | 7 | _aالتراجم |
| 650 | 1 | 7 | _aمصر |
| 942 |
_2ddc _cBK |
||
| 999 |
_c71349 _d71349 |
||